000 00580cam a22001694a 4500
020 _a1416400567 (pbk. : alk. paper)
050 0 0 _aRJ506.H9
_bJ67 2006
100 1 _aJordan, Dale R.
245 1 0 _aOvercoming attention deficit disorders in children, adolescents, and adults /
_cDale R. Jordan.
250 _a4th ed.
260 _aAustin, Tex. :
_bPRO-ED,
_cc2006.
300 _axviii, 341 p. :
500 _aRev. ed. of: Attention deficit disorder. 3rd. c1998.
700 1 _aJordan, Dale R.
856 4 1 _uhttp://www.loc.gov/catdir/toc/ecip054/2004027738.html
942 _2lcc
_cGEN
999 _c14410
_d14410